LEADER 01056nam a2200265 i 4500 001 991003689769707536 008 190730s2013 enka b 001 0 eng d 020 $a9780123822390 (hbk) 035 $ab14371972-39ule_inst 040 $a Bibl. Dip.le Aggr. DiSTeBA - Sez. Biologia$beng 082 00$a612.1111$223 100 1 $aHermanson, Greg T.$0511906 245 10$aBioconjugate techniques /$cGreg T. Hermanson 250 $a3rd ed 264 1$aLondon ;$aWaltham, MA :$bElsevier/AP,$c2013 300 $axvii, 1146 pages :$billustrations ;$c28 cm 504 $aIncludes bibliographical references (pages 1017-1094) and index 650 4$aBioconjugates$xSynthesis 650 4$aBiomolecules$xResearches$xDiagnostics$xTherapeutics 907 $a.b14371972$b28-08-19$c30-07-19 912 $a991003689769707536 945 $aLE003 612.1 HER01.01 (2013)$g1$i2003000069570$lle003$op$pE96.40$q-$rl$s- $t0$u2$v1$w2$x0$y.i1590071x$z28-08-19 996 $aBioconjugate techniques$9763743 997 $aUNISALENTO 998 $ale003$b30-07-19$cm$da $e $feng$genk$h0$i0 LEADER 03300nam 2200805Ia 450 001 9910973519103321 005 20251116175155.0 010 $a1-134-93215-4 010 $a1-134-93216-2 010 $a1-280-33138-0 010 $a0-203-31745-9 010 $a0-203-03608-5 035 $a(CKB)1000000000248590 035 $a(EBL)169523 035 $a(OCoLC)191031517 035 $a(SSID)ssj0000123237 035 $a(PQKBManifestationID)11135843 035 $a(PQKBTitleCode)TC0000123237 035 $a(PQKBWorkID)10010533 035 $a(PQKB)10685582 035 $a(SSID)ssj0000277961 035 $a(PQKBManifestationID)11205345 035 $a(PQKBTitleCode)TC0000277961 035 $a(PQKBWorkID)10241475 035 $a(PQKB)10885649 035 $a(SSID)ssj0001143442 035 $a(PQKBManifestationID)12513051 035 $a(PQKBTitleCode)TC0001143442 035 $a(PQKBWorkID)11106533 035 $a(PQKB)11146509 035 $a(MiAaPQ)EBC169523 035 $a(Au-PeEL)EBL169523 035 $a(CaPaEBR)ebr10058404 035 $a(CaONFJC)MIL33138 035 $a(OCoLC)821815430 035 $a(OCoLC-P)821815430 035 $a(FlBoTFG)9780203036082 035 $a(EXLCZ)991000000000248590 100 $a19940615d1994 uy 0 101 0 $aeng 135 $aur|n||||||||| 181 $ctxt 182 $cc 183 $acr 200 10$aCleopatras /$fJohn Whitehorne 205 $a1st ed. 210 $aLondon ;$aNew York $cRoutledge$d1994 215 $a1 online resource (264 p.) 300 $aDescription based upon print version of record. 311 08$a0-415-26132-5 311 08$a0-415-05806-6 320 $aIncludes bibliographical references (p. 227-232) and index. 327 $aBook Cover; Title; Contents; List of illustrations; Preface; Acknowledgements; FROM MYTH TO LEGEND The Earliest Cleopatras; CLEOPATRA, PERDICCAS II, AND ARCHELAUS; PHILIP II'S LAST WIFE; A DOUBLE MYSTERY; ALEXANDER'S SISTER; FROM AEGAE TO ALEXANDRIA; THE SELEUCID CONNECTION (1) Cleopatra I; CLEOPATRA II AND PTOLEMY VI; CLEOPATRA II AND PTOLEMY VIII; CLEOPATRA II, CLEOPATRA III, AND PTOLEMY VIII; CLEOPATRA III AND HER CHILDREN; THE SELEUCID CONNECTION (2) Cleopatra Thea and her Husbands; THE SELEUCID CONNECTION (3) Cleopatra Selene and the Last of the Seleucids 327 $aTHE TWILIGHT OF THE PTOLEMIES Cleopatra Berenice III, Cleopatra V TryphaenaCLEOPATRA VII'S SUICIDE; THE END OF THE LINE Cleopatra Selene of Mauretania; APPENDIX 1: WHO'S WHO AMONG THE PTOLEMIES; APPENDIX 2: GENEALOGICAL TABLES; Notes; Select bibliography; Index 330 8 $aAnnotation$bTraces the turbulent lives of the famous Cleopatra's historically important namesakes, and considers the growing political significance of royal women in the last three centuries B.C. 606 $aQueens$zMiddle East$vBiography 606 $aQueens$zMacedonia$vBiography 607 $aMiddle East$xHistory$yTo 622 607 $aMacedonia$xHistory$yTo 168 B.C 615 0$aQueens 615 0$aQueens 676 $a939/.4 700 $aWhitehorne$b J. E. G$g(John Edwin George)$0209647 801 0$bMiAaPQ 801 1$bMiAaPQ 801 2$bMiAaPQ 906 $aBOOK 912 $a9910973519103321 996 $aCleopatras$94490434 997 $aUNINA